000 00735nam a2200241 i 4500
001 bgj
245 1 0 _aBube, Dame, König :
_bGeschichten und Gedichte aus Polen /
_chrsg. und mit einem Nachwort von Karl Dedecius.
260 _aFrankfurt am Main :
_bSuhrkamp,
_c1990.
300 _a324, [1] s. ;
_c18 cm.
490 1 _aSuhrkamp Taschenbuch
_pDie |Polnische Bibliothek
_v1709
504 _aBibliogr. s. 299-[325].
650 9 _aLiteratura polska
700 1 _aDEDECIUS, Karl.
830 _aSuhrkamp Taschenbuch
_pDie |Polnische Bibliothek
020 _a3518382098
040 _cBPK
041 0 _ager
044 _aDEU
080 _a82
920 _a3-518-38209-8
942 _cKS
008 s gw f |000 0 ger
999 _c50235
_d50235
856 _uhttp://koha.tu.koszalin.pl/cgi-bin/koha/opac-detail.pl?biblionumber=50235
_yKatalog online BPK